<?xml version="1.0" encoding="UTF-8"?>
<collection xmlns="http://www.loc.gov/MARC21/slim">
<record>
  <controlfield tag="001">161092</controlfield>
  <controlfield tag="005">20251017144632.0</controlfield>
  <datafield tag="024" ind1="7" ind2=" ">
    <subfield code="2">doi</subfield>
    <subfield code="a">10.1021/acsnano.5c02175</subfield>
  </datafield>
  <datafield tag="024" ind1="8" ind2=" ">
    <subfield code="2">sideral</subfield>
    <subfield code="a">144310</subfield>
  </datafield>
  <datafield tag="037" ind1=" " ind2=" ">
    <subfield code="a">ART-2025-144310</subfield>
  </datafield>
  <datafield tag="041" ind1=" " ind2=" ">
    <subfield code="a">eng</subfield>
  </datafield>
  <datafield tag="100" ind1=" " ind2=" ">
    <subfield code="a">Kerschbaumer, Samuel</subfield>
  </datafield>
  <datafield tag="245" ind1=" " ind2=" ">
    <subfield code="a">Strong In-plane Magnetic Anisotropy in Semiconducting Monolayer CoCl2</subfield>
  </datafield>
  <datafield tag="260" ind1=" " ind2=" ">
    <subfield code="c">2025</subfield>
  </datafield>
  <datafield tag="506" ind1="0" ind2=" ">
    <subfield code="a">Access copy available to the general public</subfield>
    <subfield code="f">Unrestricted</subfield>
  </datafield>
  <datafield tag="520" ind1="3" ind2=" ">
    <subfield code="a">Transition-metal dihalides (TMDH) are emerging as a highly promising class of 2D magnetic materials due to their simplicity, stability, and compatibility with nanofabrication techniques. In this work, we explore the structural, electronic, and magnetic properties of monolayer CoCl2 grown epitaxially on Au(111) using a multitechnique approach. Our results reveal that epitaxial CoCl2 exhibits ferromagnetic order below 24 K with strong in-plane magnetic anisotropy, setting it apart from other TMDH materials. Additionally, we identify in-gap states arising from the CoCl2–Au(111) interface, which provide insights into its electronic behavior. These findings position CoCl2 as a versatile 2D material for spintronic applications and nanoscale devices, bridging the gap between fundamental research and real-world technological solutions.</subfield>
  </datafield>
  <datafield tag="536" ind1=" " ind2=" ">
    <subfield code="9">info:eu-repo/grantAgreement/ES/DGA/E12-23R</subfield>
    <subfield code="9">info:eu-repo/grantAgreement/EC/H2020/101064332/EU/Addressing molecular spin qubits by ESR-STM/QMOLESR</subfield>
    <subfield code="9">This project has received funding from the European Union’s Horizon 2020 research and innovation program under grant agreement No H2020 101064332-QMOLESR</subfield>
    <subfield code="9">info:eu-repo/grantAgreement/ES/MCIU/PID2020-114252GB-I00</subfield>
    <subfield code="9">info:eu-repo/grantAgreement/EUR/MCIU/TED2021-130292B-C42</subfield>
    <subfield code="9">info:eu-repo/grantAgreement/EUR/MCIU/TED2021-132388B-C43</subfield>
    <subfield code="9">info:eu-repo/grantAgreement/ES/MICINN AEI/PID2022-138750NB-C21</subfield>
    <subfield code="9">info:eu-repo/grantAgreement/ES/MCINN/PID2022-140845OB-C63</subfield>
    <subfield code="9">info:eu-repo/grantAgreement/ES/MCINN/PID2022-140845OB-C65</subfield>
  </datafield>
  <datafield tag="540" ind1=" " ind2=" ">
    <subfield code="9">info:eu-repo/semantics/openAccess</subfield>
    <subfield code="a">by</subfield>
    <subfield code="u">https://creativecommons.org/licenses/by/4.0/deed.es</subfield>
  </datafield>
  <datafield tag="655" ind1=" " ind2="4">
    <subfield code="a">info:eu-repo/semantics/article</subfield>
    <subfield code="v">info:eu-repo/semantics/publishedVersion</subfield>
  </datafield>
  <datafield tag="700" ind1=" " ind2=" ">
    <subfield code="a">Hadjadj, Sebastien Elie</subfield>
  </datafield>
  <datafield tag="700" ind1=" " ind2=" ">
    <subfield code="a">Aguirre-Baños, Andrea</subfield>
  </datafield>
  <datafield tag="700" ind1=" " ind2=" ">
    <subfield code="a">Longo, Danilo</subfield>
  </datafield>
  <datafield tag="700" ind1=" " ind2=" ">
    <subfield code="a">Pinar Solé, Andrés</subfield>
  </datafield>
  <datafield tag="700" ind1=" " ind2=" ">
    <subfield code="a">Stetsovych, Oleksandr</subfield>
  </datafield>
  <datafield tag="700" ind1=" " ind2=" ">
    <subfield code="a">Candia, Adriana Elizabet</subfield>
  </datafield>
  <datafield tag="700" ind1=" " ind2=" ">
    <subfield code="a">Angulo-Portugal, Paula</subfield>
  </datafield>
  <datafield tag="700" ind1=" " ind2=" ">
    <subfield code="a">Caldevilla, David</subfield>
  </datafield>
  <datafield tag="700" ind1=" " ind2=" ">
    <subfield code="a">Choueikani, Fadi</subfield>
  </datafield>
  <datafield tag="700" ind1=" " ind2=" ">
    <subfield code="a">Corso, Martina</subfield>
  </datafield>
  <datafield tag="700" ind1=" " ind2=" ">
    <subfield code="a">Serrate Donoso, David</subfield>
    <subfield code="0">(orcid)0000-0002-3260-9641</subfield>
  </datafield>
  <datafield tag="700" ind1=" " ind2=" ">
    <subfield code="a">Lobo-Checa, Jorge</subfield>
    <subfield code="0">(orcid)0000-0003-2698-2543</subfield>
  </datafield>
  <datafield tag="700" ind1=" " ind2=" ">
    <subfield code="a">Jelínek, Pavel</subfield>
  </datafield>
  <datafield tag="700" ind1=" " ind2=" ">
    <subfield code="a">Ilyn, Maxim</subfield>
  </datafield>
  <datafield tag="700" ind1=" " ind2=" ">
    <subfield code="a">Rogero, Celia</subfield>
  </datafield>
  <datafield tag="773" ind1=" " ind2=" ">
    <subfield code="g">19, 22 (2025), 20693-20701</subfield>
    <subfield code="p">ACS Nano</subfield>
    <subfield code="t">ACS NANO</subfield>
    <subfield code="x">1936-0851</subfield>
  </datafield>
  <datafield tag="856" ind1="4" ind2=" ">
    <subfield code="s">10955686</subfield>
    <subfield code="u">http://zaguan.unizar.es/record/161092/files/texto_completo.pdf</subfield>
    <subfield code="y">Versión publicada</subfield>
  </datafield>
  <datafield tag="856" ind1="4" ind2=" ">
    <subfield code="s">3115534</subfield>
    <subfield code="u">http://zaguan.unizar.es/record/161092/files/texto_completo.jpg?subformat=icon</subfield>
    <subfield code="x">icon</subfield>
    <subfield code="y">Versión publicada</subfield>
  </datafield>
  <datafield tag="909" ind1="C" ind2="O">
    <subfield code="o">oai:zaguan.unizar.es:161092</subfield>
    <subfield code="p">articulos</subfield>
    <subfield code="p">driver</subfield>
  </datafield>
  <datafield tag="951" ind1=" " ind2=" ">
    <subfield code="a">2025-10-17-14:26:56</subfield>
  </datafield>
  <datafield tag="980" ind1=" " ind2=" ">
    <subfield code="a">ARTICLE</subfield>
  </datafield>
</record>
</collection>